Responses for Show #6765 - Friday, January 31, 2014

Arthur Chu game 4.

Contestants

[<< previous game]

Don Gwinn, a middle school special education teacher from Virden, Illinois

Tarn Allen, a food bank coordinator from Portland, Oregon

Arthur Chu, a compliance analyst and voiceover artist from Broadview Heights, Ohio (whose 3-day cash winnings total $82,800)

[next game >>]

Jeopardy! Round responses

AFTER THE WHITE HOUSE
(Alex: Talking about presidents, obviously.)
DOUBLE S, DOUBLED
A MONTH OF ANNUAL EVENTS
SHAKESPEAREAN SPELLING BEE
(Alex: And you must spell the big word in the response.)
I HAVE THE WINE
BY JOHNNY CASH
    $200 7
(Harry) Truman

Don
    $200 18
Mississippi

Don
    $200 22
September

Tarn
    $200 2
(Don: What are the Montagues?)
(Alex: You got to spell it, Don.)
(Don: I'm sorry. M-O--what is [*]?)
(Alex: You got it.)
(Don: BY JOHNNY CASH for $200, please.)
(Alex: Got away from the spelling pretty fast.)
[Laughter]

M-O-N-T-A-G-U-E

Don
    $200 27
bouquet

Tarn
    $200 3
The Man in Black

Tarn
    $400 8
(Jimmy) Carter

Arthur
    $400 19
to cross-dress

Don
    $400 23
June

Tarn
    $1,000 4
C-O-R-D-E-L-I-A

Tarn
    $400 28
an antioxidant

Arthur
    $400 11
June Carter Cash

Don
    $600 17
(Tarn: Who is Hayes?)

(Ulysses) Grant

TarnDon
    $600 20
possession

Tarn
    $600 24
October

Tarn
    $600 5
L-A-B-O-U-R-'-S

Arthur
    $600 29
Amontillado

Arthur
    $600 12
Folsom

Tarn
    $800 1
John Quincy Adams

Tarn
    $800 21
assassination

Don
    $800 25
April

Tarn
    $800 26
(Don: Who is Yor--I'm sorry, what is [*]?)

Y-O-R-I-C-K

Don
    $800 30
Transylvania

Arthur
    $800 13
Nine Inch Nails

Arthur
    $1000 6
(Andrew) Johnson

Don
    $1000 15
assess

Don
    $1000 14
December

Arthur
    $1000 9
T-I-T-A-N-I-A

Arthur
    $1000 10
a rosé

Don
    $1000 16
Sun (Records)

Don

Scores at the first commercial break (after clue 15):

Arthur Tarn Don
$3,800 $2,600 $3,800

Scores at the end of the Jeopardy! Round:

Arthur Tarn Don
$5,600 $4,800 $7,600

Double Jeopardy! Round responses

PLANTS & TREES
EPONYMOUS AIRPORTS
IN THE NATIONAL PARK
(Alex: You tell us which national park.)
CANADIAN BODIES OF WATER
A "CY" OF RELIEF
(Ben Mankiewicz: I'm Ben Mankiewicz with clues about some of the classic films you'll see starting tomorrow on TCM's...)
31 DAYS OF OSCAR
    $400 14
dill

Arthur
    $400 18
(Tarn: What is Rome?)
(Arthur: What is Vatican City?)
...
(Alex: KRK--what is [*]?)

Kraków

ArthurTarn
Triple Stumper
    $400 15
Yellowstone

Tarn
    $400 1
the Yukon

Tarn
    $400 17
Cyprus

Arthur
    $400 19
From Here to Eternity

Tarn
    $800 21
resurrection

Tarn
    $800 24
New Orleans

Tarn
    $800 25
Yosemite

Arthur
    $800 2
the St. Lawrence

Arthur
    $800 27
a cycle

Don
    $800 29
Philadelphia

Don
    $1200 22
eucalyptus

Tarn
    $5,200 23
Macedonia

Tarn
    $1200 10
the Grand Canyon

Arthur
    $1200 26
the Bay of Fundy

Arthur
    $1200 20
cyan

Arthur
    $1200 30
It Happened One Night

Tarn
    $1600 6
the date

Arthur
    $1600 7
Budapest

Tarn
    $1600 9
Everglades

Tarn
    $1600 12
Labrador

Arthur
    $1600 11
(Alex: The "CY" comes up--and I noticed Don looking around our studio here--[*].)

cyclorama

Triple Stumper
    $1600 28
Who's Afraid of Virginia Woolf?

Arthur
    $2000 3
the saguaro

Arthur
    $2000 8
(David) Ben-Gurion

Arthur
    $2000 16
Zion

Arthur
    $2,000 13
Baffin

Arthur
    $2000 4
the cytoplasm

Arthur
    $2000 5
(Don: What is Shambhala?)

Shangri-La

ArthurDon

Scores at the end of the Double Jeopardy! Round:

Arthur Tarn Don
$28,000 $18,000 $7,200

[wagering suggestions for these scores]

Final Jeopardy! Round responses

INVENTORS
(Alex: [To Don] [*], who was demonstrating his safety brake for elevators. That's the correct response.)
...
(Alex: [To Arthur] He'll enjoy the weekend. On Monday, we start our Battle of the Decades with the winners from the 1980s. Arthur will be back in three weeks.)
DonWho was Otis?
$7,200
TarnWho is Eli Whitney?
$12,000
ArthurWho was Nobel?
$8,000
Elisha Otis

Final scores:

Arthur Tarn Don
$20,000 $6,000 $14,400
4-day champion: $102,800 3rd place: $1,000 2nd place: $2,000

Game dynamics:

Coryat scores:

Arthur Tarn Don
$28,000 $13,400 $7,200
24 R
(including 1 DD),
1 W
20 R
(including 2 DDs),
2 W
14 R,
1 W

Combined Coryat: $48,600

[game clues] [game scores] [suggest correction]

Game tape date: 2013-11-13
The J! Archive is created by fans, for fans. Scraping, republication, monetization, and malicious use prohibited; this site may use cookies and collect identifying information. See terms. The Jeopardy! game show and all elements thereof, including but not limited to copyright and trademark thereto, are the property of Jeopardy Productions, Inc. and are protected under law. This website is not affiliated with, sponsored by, or operated by Jeopardy Productions, Inc. Join the discussion at JBoard.tv.